LEADER 00926nam a2200253 u 4500 001 000000053305 003 CaOOAMICUS 005 20070226115539.0 008 001113s1951 it u000 u ita u 035 $a10861037 040 $aPUL(R)$bita 100 1 $aParini, Giuseppe,$d1729-1799.$0(OLS)http://pul/name/37925 245 10$aOdi /$cGiuseppe Parini ; [a cura di Dino Provenzal]. 250 $a[2. ed.] 260 $aMilano :$bRizzoli,$c1951. 300 $a146 p. ;$c16 cm 490 1 $aBUR ;$v343-344 700 1 $aProvenzal, Dino,$d1877-$0(OLS)http://pul/name/37948 830 0$aBUR ;$v343-344.$0(OLS)http://pul/title/2098 850 $aPUL 852 $aPUL$W1$xDP1 Fondo Ciprotti$y59$m1549 D 17$j70352$nBK-PRI$b $qFondi$B70352$CPULBib$Z2$F70352 $H $81 941 1 $a1 996 $6245$aOdi$9(OLS)http://pul/title/71507 996 $6260$aMilano :$bRizzoli$9(OLS)http://pul/publisher/48712 LEADER 01821nam a2200361 a 4500 001 000000173962 003 CaOOAMICUS 005 20201117161919.0 008 201117s2020 it u001 u ita r 020 $z9788828817758* 032 $aLibriCat 040 $aPUL$bita 082 04$a345.45 245 00$aSoggetti :$bAtti, Libri I-II, Artt. 1-186, appendice, patrocinio a spese dello Stato /$ca cura di Roberta Aprati ...[et al] ; coordinamento di Pasquale Bronzo e Enrico Gallucci. 260 $aMilano :$bGiuffrè Francis Lefebvre,$c©2020. 300 $aLXVI-1133 p. ;$c25 cm. 490 1 $aCodice di procedura penale : rassegna di giurisprudenza e di dottrina ;$v1 500 $aIn testa al front.: Giorgio Lattanzi, Ernesto Lupo. 650 4$aProcedura penale$zItalia.$0(OLS)http://pul/subject/12686 700 1 $aLattanzi, Giorgio.$0(OLS)http://pul/name/51063 700 1 $aLupo, Ernesto.$0(OLS)http://pul/name/85343 700 1 $aBronzo, Pasquale.$0(OLS)http://pul/name/85341 700 1 $aGallucci, Enrico.$0(OLS)http://pul/name/85616 700 1 $aAprati, Roberta.$0(OLS)http://pul/name/85610 830 0$aCodice di procedura penale : rassegna di giurisprudenza e di dottrina (ediz.2020) ;$v1.$0(OLS)http://pul/title/215199 850 $aPUL 852 $aPUL$W1$xSL Diritto e Scienze Sociali 3$y79$m345. 45 LATGI 2.1$j198109$bv.1$qDDC 21$B202797$CPULBib$Z2$F202797 $H134513 $82 941 1 $a9 996 $6020$z9788828817758*$9(OLS)http://pul/number/167844 996 $6082$a345.45$9(OLS)http://pul/classification/371 996 $6245$aSoggetti :$bAtti, Libri I-II, Artt. 1-186, appendice, patrocinio a spese dello Stato$9(OLS)http://pul/title/215198 996 $6260$aMilano :$bGiuffrè Francis Lefebvre$9(OLS)http://pul/publisher/86917